[Event "Volmac knoktoernooi"]
[Site "Rotterdam"]
[Date "1990.06.09"]
[Round "4"]
[White "van der Sterren, Paul"]
[Black "Winants, Luc"]
[Result "1-0"]
[WhiteElo "2515"]
[BlackElo "2455"]
[WhiteTitle "GM"]
[BlackTitle "IM"]
[EventDate "1990.05.27"]
[Source "365chess.com"]

1. d4 f5 2. g3 e6 3. Bg2 Nf6 4. Nf3 d5 5. c4 c6 6. O-O Bd6 7. b3 Qe7 8. Ne5
Nbd7 9. Bb2 Bxe5 10. dxe5 Ng4 11. cxd5 exd5 12. e4 dxe4 13. Bxe4 fxe4 14. Qxg4
Nc5 15. Qh5+ Qf7 16. Qh4 Bf5 17. Nd2 O-O 18. Ba3 Rfd8 19. Rad1 Nd3 20. Nxe4 Nxe5
1-0

[Event "Volmac knoktoernooi"]
[Site "Rotterdam"]
[Date "1990.06.09"]
[Round "4"]
[White "Winants, Luc"]
[Black "van der Sterren, Paul"]
[Result "1-0"]
[WhiteElo "2455"]
[BlackElo "2515"]
[WhiteTitle "IM"]
[BlackTitle "GM"]
[EventDate "1990.06.09"]
[Source "365chess.com"]

1. d4 Nf6 2. Nf3 d5 3. e3 Bf5 4. Bd3 e6 5. Bxf5 exf5 6. Qd3 g6 7. Qb5+ Nbd7
8. Nc3 c5 9. Qxb7 Rb8 10. Qxa7 c4 11. Ne5 Ra8 12. Qb7 Rb8 13. Qc6 Rc8 14. Qa4
Ra8 15. Nc6 Rxa4 16. Nxd8 Ra6 17. Nb7 Ra7 18. Nc5 Nxc5 19. dxc5 Bxc5 20. O-O Kd7
21. b3 Kc6 22. Bb2 Ba3 23. Bxa3 Rxa3 24. Rad1 Rd8 25. Rd4 Ne4 26. Nxe4 fxe4
27. bxc4 Rxa2 28. Rfd1 Rxc2 29. cxd5+ Kd6 30. Rxe4 Ra8 31. g4 g5 32. Rb4 Raa2
33. Rb6+ Ke5 34. Rf1 Rd2 35. Rh6 Kxd5 36. Rxh7 f6 37. Rd7+ Ke4 38. Rxd2 Rxd2
39. Kg2 1-0

[Event "Volmac knoktoernooi"]
[Site "Rotterdam"]
[Date "1990.06.09"]
[Round "4"]
[White "Winants, Luc"]
[Black "van der Sterren, Paul"]
[Result "0-1"]
[WhiteElo "2455"]
[BlackElo "2515"]
[WhiteTitle "IM"]
[BlackTitle "GM"]
[EventDate "1990.05.27"]
[Source "365chess.com"]

1. c4 e6 2. d4 Nf6 3. Nc3 d5 4. cxd5 exd5 5. Bg5 Be7 6. e3 O-O 7. Bd3 c6
8. Nge2 Nbd7 9. Ng3 h6 10. h4 Nb6 11. Bxf6 Bxf6 12. Nh5 Bxh4 13. Qf3 Bg5
14. O-O-O g6 15. Nf4 Qd6 16. Kb1 a5 17. g3 a4 18. a3 Bd7 19. e4 dxe4 20. Nxe4
Qe7 21. Nh3 Bxh3 22. Rxh3 Kg7 23. Rdh1 Rh8 24. Qd1 Nd5 25. Bc2 b5 26. f4 Bf6
27. Qd2 Rad8 28. g4 Nb6 29. g5 Bxd4 30. gxh6+ Kf8 31. Qg2 Nc4 32. f5 gxf5
33. Ng3 Nxa3+ 34. Ka2 Qe6+ 35. Ka1 Nxc2+ 36. Qxc2 a3 37. Qxf5 axb2+ 38. Kb1 Ra8
39. Qxe6 fxe6 40. Ne4 Ra1+ 41. Kc2 b4 42. Rb1 b3+ 43. Rxb3 Rxh6 44. Rb8+ Kg7
45. R1xb2 Rh2+ 46. Nd2 0-1

[Event "Volmac knoktoernooi"]
[Site "Rotterdam"]
[Date "1990.06.09"]
[Round "4"]
[White "Winants, Luc"]
[Black "van der Sterren, Paul"]
[Result "0-1"]
[WhiteElo "2455"]
[BlackElo "2515"]
[WhiteTitle "IM"]
[BlackTitle "GM"]
[EventDate "1990.05.27"]
[Source "365chess.com"]

1. e4 e5 2. Nc3 Nf6 3. g3 d5 4. exd5 Nxd5 5. Bg2 Nxc3 6. bxc3 Bd6 7. Nf3 O-O
8. O-O Bg4 9. d3 Nd7 10. Rb1 Rb8 11. h3 Bh5 12. g4 Bg6 13. Ng5 Nc5 14. Qe2 c6
15. Bd2 h6 16. Ne4 Nxe4 17. Bxe4 f5 18. gxf5 Bxf5 19. Bxf5 Rxf5 20. Qg4 Qf6
21. Be3 b6 22. Kh1 Kh8 23. Rg1 Rf8 24. Qg6 Qe7 25. Rg2 R8f6 26. Qg4 Qf7 27. Rbg1
Rf3 28. Rg3 Rxg3 29. Rxg3 e4 30. Rg2 exd3 31. cxd3 c5 32. d4 Rf5 33. a4 Bf8
34. Kg1 c4 35. Qe4 Qd5 36. Qe8 Rf6 37. Qb8 Qd7 38. Bf4 Kh7 39. Rg3 Qxa4 40. Be5
Qd1+ 41. Kg2 Rf7 42. Qa8 Qe2 43. Rf3 Rxf3 44. Qxf3 Qxf3+ 45. Kxf3 a5 46. d5 Kg6
47. d6 Kf5 48. d7 Be7 49. Bxg7 h5 50. Ke3 a4 51. Kd4 a3 52. Bf8 Bf6+ 0-1